Kymenlaakson kunnat - Statistics

Yleistilastot
  • Tätä visaa on pelattu 35 kertaa
  • Keskiarvotulos 5 / 6
Vastaustilastot
Kuntamuoto Nimi % Oikein
maakunnan pääkaupunki Kouvola
100%
maakunnan pääkaupunki Kotka
97%
kaupunki Hamina
94%
kunta Virolahti
91%
kunta Pyhtää
81%
kunta Miehikkälä
75%
Ehtoja vastaavia visoja ei löytynyt
Tulosjakauma
Jokaisen tuloksen saaneiden osuus
Persentiili vastausten määrän mukaan
Tuloshistoriasi
Et ole pelannut tätä visaa